Statistiques concernant Les 10 pays commençant par M les plus proches de Monaco.

Cliquez ici pour prendre le quiz!

Statistiques générales

  • Ce quiz a été pris 563 fois
  • Le résultat moyen est 7 sur 10

Statistiques - réponses

kmpays% Correct
1269Maroc
88%
2329Mauritanie
88%
2364Mali
81%
1029Malte
79%
903Monténégro
78%
1563Moldavie
77%
1092Macédoine
76%
6759Mozambique
55%
6452Malawi
45%
5899Mongolie
43%

Distribution des résultats

Percentile par nombre de réponses

% des personnes avec chaque résultat

Votre développement - résultats

Vous n’avez pas pris ce quiz